Statistics for Hip Hop artists who passed away

Click here to take the quiz!

General Stats

  • This quiz has been taken 90 times
    (32 since last reset)
  • The average score is 9 of 31

Answer Stats

HintAnswer% Correct
Junior M.A.F.I.A.Biggie Smalls
90%
NWAEazy-E
86%
Thug LifeTupac Shakur
86%
Wu-Tang ClanODB
62%
Ruff RydersDMX
59%
Mask wearing Marvel VillainMF Doom
52%
D12Proof
48%
A Tribe Called QuestPhife Dawg
41%
Run DMCJam Master Jay
34%
Tha Dogg Pound, 213Nate Dogg
34%
Mobb DeepProdigy
28%
The Enemy, EbonicsBig L
24%
Geto BoysBushwick Bill
24%
Flava in Ya earCraig Mack
24%
GangstarrGuru
24%
TLCLisa Left Eye
24%
Beastie BoysMCA
24%
Bronx rapper, anti NWATIm Dog
21%
Terror SquadBig Punisher
17%
The Human BeatBoxBiz Markie
17%
Digital UndergroundShock G
17%
GravediggazPoet
10%
Flavour Unit MC's (Now that we found love)Heavy D
3%
Heltah Skeltah/Boot Camp ClickSean Price
3%
Brookly Zu/ Wu-Tang12 O'Clock
0%
Army of the PharaohsBlacastan
0%
Black Knights (Wu-Tang Killa Beez)Doc Doom
0%
Lost BoyzFreaky Tah
0%
2 Live CrewFresh Kid Ice
0%
Brookly Zu/ Wu-TangMurdock
0%
Live Squad, TupacStretch
0%

Score Distribution

Percentile by Number Answered

Percent of People with Each Score

Your Score History

You have not taken this quiz since the last reset